Los movimientos sociales en el Caribe
Guardat en:
| Autor principal: | |
|---|---|
| Autor corporatiu: | |
| Format: | Text |
| Publicat: |
Santo Domingo:
UASD
|
| Etiquetes: |
Afegir etiqueta
Sense etiquetes, Sigues el primer a etiquetar aquest registre!
|
MARC
| LEADER | 00000 a a2200000 04500 | ||
|---|---|---|---|
| 001 | 25481 | ||
| 003 | |||
| 040 | |a CRAI/IIS |c CRAI/IIS | ||
| 090 | |a 152604 | ||
| 100 | |a Pierre - Charles, Gérard, coord. | ||
| 110 | |a UASD | ||
| 245 | |a Los movimientos sociales en el Caribe | ||
| 260 | |a Santo Domingo: |b UASD | ||
| 300 | |a 389 p. |b **no definido** |b map. | ||
| 999 | |c 14325 |d 14325 | ||
